TV Show by Kids Picture Quiz Stats

Quiz Updated Nov 13, 2017

Also try: TV Show by Pets
Challenge
Share
Tweet
Score 0/20 Timer 05:00
2 Plays Today
# TV Show % Correct
3The Simpsons
99.1%
12South Park
93.4%
18Fresh Prince of Bel Air
91.7%
16Family Guy
91.5%
7Full House
85.6%
1The Brady Bunch
84.5%
19The Cosby Show
79.7%
2Happy Days
73.8%
5Hannah Montana
72.4%
4Family Matters
71.9%
# TV Show % Correct
17Home Improvement
71.1%
6Roseanne
68.7%
8Little House on the Prairie
66.6%
20Leave it to Beaver
64.1%
15The Wonder Years
62.9%
10Diff'rent Strokes
62.7%
9Married with Children
58.3%
13Family Ties
55.9%
11Growing Pains
51.7%
14My Three Sons
36.7%

You're not logged in!

Compare scores with friends on all Sporcle quizzes.
Join for Free
OR
Log In

You Might Also Like...

Show Comments

Extras

Top Quizzes Today


Score Distribution

Your Account Isn't Verified!

In order to create a playlist on Sporcle, you need to verify the email address you used during registration. Go to your Sporcle Settings to finish the process.

Report this User

Report this user for behavior that violates our Community Guidelines.

Details: